Reform: budgeting and financial management (Record no. 44484)

000 -LEADER
fixed length control field 01066pab a2200181 454500
008 - FIXED-LENGTH DATA ELEMENTS--GENERAL INFORMATION
fixed length control field 180718b2000 xxu||||| |||| 00| 0 eng d
100 ## - MAIN ENTRY--PERSONAL NAME
Personal name Pacifico, Luigi
245 ## - TITLE STATEMENT
Title Reform: budgeting and financial management
260 ## - PUBLICATION, DISTRIBUTION, ETC.
Date of publication, distribution, etc. 2000
300 ## - PHYSICAL DESCRIPTION
Extent p.367-81
362 ## - DATES OF PUBLICATION AND/OR SEQUENTIAL DESIGNATION
Dates of publication and/or sequential designation Feb-Mar
520 ## - SUMMARY, ETC.
Summary, etc. In compliance with the commitments undertaken at the European Union and in harmony with the general restructuring of public administration, a far-reaching budget reform was approved in 1997 changing the philosophy and the structure of the existing budget system and the management of public resources. The new system is based on the linkage between budget allocation and performance, on specification of functions, programs and objectives and assessment of results. This study illustrates the major developments of the previous system and the dramatic changes introduced with the 1997 reform. - Reproduced
650 ## - SUBJECT ADDED ENTRY--TOPICAL TERM
Topical term or geographic name entry element Budget - Italy
650 ## - SUBJECT ADDED ENTRY--TOPICAL TERM
Topical term or geographic name entry element Budget
700 ## - ADDED ENTRY--PERSONAL NAME
Personal name Seguiti, Maria Laura
773 ## - HOST ITEM ENTRY
Main entry heading International Journal of Public Administration
909 ## -
-- 44484
Holdings
Withdrawn status Lost status Damaged status Not for loan Permanent Location Current Location Date acquired Serial Enumeration / chronology Barcode Date last seen Price effective from Koha item type
        Indian Institute of Public Administration Indian Institute of Public Administration 2018-07-19 Volume no: 23, Issue no: 2-3 AR44894 2018-07-19 2018-07-19 Articles

Powered by Koha